000 01074nam a22002297a 4500
005 20100802112244.0
010 _aHIN-89929
020 _a8187465816
_c140.00
035 _aHN-62275
037 _bDBAD/PUB
082 _a
100 _aशर्मा, लक्ष्मी
_923863
245 _aबोये हुए दर्द /
_cलक्ष्मी शर्मा
246 _aBoye Hue Dard
_bby Lakshmi Sharma
260 _aजयपुर
_bविवेक पब्लिशिंग हाउस
_c2009
270 _aधामाणी मा्र्केट, चौड़ रास्ता
_bजयपुर
_k91-141-2314214, 4024214, मो.-9828340698,9983324214
300 _a132पृ.
_c22सेमी. (सजिल्द)
650 _aलघु कथाएँ, हिन्दी
_91169
650 _aShort Stories, Hindi
_923864
942 _2ddc
_cHN
_h
_mशर्माल
999 _c38541
_d38541